Jesús, Mesías, Hijo de Dios: encuentros bíblicos desde la Lectio Divina con el evangelio de Marcos

Na minha lista:
Detalhes bibliográficos
Autor Corporativo: Equipo Bíblico Verbo (Author)
Formato: Livro
Idioma:espanhol
Publicado em: Pamplona Verbo Divino 2014
Edição:1a. ed
Colecção:Leemos. Compartimos. Oramos, 3
Assuntos:
Tags: Adicionar Tag
Sem tags, seja o primeiro a adicionar uma tag!

MARC

LEADER 00000cam a2200000 a 4500
001 UCD9452
003 CL-VaPUC
008 170626e20140000sp |||||||||||||||||spa|d
020 |a 9788490730485 
082 0 4 |a 232.9  |b EQU  |2 21 
110 2 |a Equipo Bíblico Verbo  |e author  |9 593172 
245 1 0 |a Jesús, Mesías, Hijo de Dios: encuentros bíblicos desde la Lectio Divina con el evangelio de Marcos 
250 |a 1a. ed 
300 |a 170 p 
942 |c BK 
945 |d 20170626 01:10:00  |a dcastane 
260 |a Pamplona  |b Verbo Divino  |c 2014 
650 0 |a Vida de Jesús  |9 478097 
650 0 |a Cristología   |9 315091 
583 |a last modification  |c 20170626 01:10:00  |k Rodrigo Vera 
490 0 |a Leemos. Compartimos. Oramos, 3 
999 |c 368643  |d 368641 
952 |0 0  |1 0  |3 erb  |4 0  |6 232_900000000000000_EQU_2014  |7 0  |8 A  |9 484011  |a BIBTEO  |b BIBTEO  |i 5399319  |o 232.9 EQU 2014  |p 5399319  |r 2025-01-17  |w 2019-11-24  |y BK  |z Catalogado en:20170626  |k ICR